| 000 | 00874nas a2200289 4500 | ||
|---|---|---|---|
| 001 | BR8201722 | ||
| 003 | BR-BrBNA | ||
| 005 | 20231205085111.0 | ||
| 007 | ta | ||
| 008 | 230509b bl.|||p| |||| 00| 00por d | ||
| 040 |
_aBR-BrBNA _bpor _cBiblioteca Nacional de Agricultura |
||
| 041 | _a(Pt) | ||
| 072 | _aE70 | ||
| 100 | 1 | _aNamekata, Y. | |
| 100 | 1 | _aAad Neto, A. | |
| 100 | 1 | _aAraujo, J.G.F. de | |
| 100 | 1 | _aSantos, H.N. dos | |
| 100 | 1 | _aRezende, A.M. | |
| 245 | 1 |
_aOferta de citros no Estado de Sao Paulo [Brasil] _bParte de tese |
|
| 246 | 1 |
_a[Citrus supply in the state of Sao Paulo [Brazil]] _b[Part of Thesis] |
|
| 650 | _aFRUTA CITRICA | ||
| 650 | _aOFERTA | ||
| 650 | _aSAO PAULO | ||
| 773 | 0 |
_tRevista Ceres (Brazil) _xISSN 0034-737X _g(Jan 1982), v. 29(161) p. 1-12 _wBR8201722 |
|
| 909 |
_a202311 _bLúcia _c55 _dLúcia Elande |
||
| 942 |
_2AGRIS _n0 _cANA |
||
| 999 |
_c109205 _d109205 |
||